000 00530nam a2200181Ia 4500
005 20250423100111.0
008 250422s9999 xx 000 0 und d
020 _a9781032300337
050 _aTP 248.27 .M37 .M28/
100 _aEdited by Kim, Se-Kwon
245 0 _aMarine biochemistry
260 _aBoca Raton
260 _bCRC Press
260 _c2023
300 _axiv, 389p.: ill.
650 _aMarine biotechnology. Marine animals--Physiology. Marine animals--Composition. Biochemistry. Marine biology.
942 _cBK
999 _c32283
_d32283